|
|
|
|
| LEADER |
00000nam0a2200000 4500 |
| 001 |
160638 |
| 005 |
20231101222212.0 |
| 010 |
|
|
|a 9785238014807
|b (в пер.)
|b 2000 экз.
|
| 021 |
|
|
|a RU
|b 08-82985
|9 08-4834
|
| 035 |
|
|
|a (RuTPU)RU\TPU\book\174209
|
| 090 |
|
|
|a 160638
|
| 100 |
|
|
|a 20081119d2009 m y0rusy5002 ca
|
| 101 |
0 |
|
|a rus
|
| 102 |
|
|
|a RU
|
| 105 |
|
|
|a a j 001zy
|
| 200 |
1 |
|
|a Социальная психология
|e учебник для вузов и учреждений МВД России
|f И. И. Аминов, О. В. Афанасьева, М. Г. Дебольский [и др.]
|g под ред. А. М. Столяренко
|
| 205 |
|
|
|a 2-е изд., доп.
|
| 210 |
|
|
|a Москва
|c ЮНИТИ-ДАНА
|d 2009
|
| 215 |
|
|
|a 510 с.
|c ил.
|d 22 см.
|
| 300 |
|
|
|a Авт. указаны на 12-й с.
|
| 320 |
|
|
|a Библиогр.: с. 500-510.
|
| 330 |
|
|
|a Учебник содержит полную и четко структурированную систему современных социально-психологических знаний - важного раздела психологической науки. Это знания о психологии личности, малых групп и больших общностей, общества. Система социально-психологических связей и зависимостей охватывает все этапы и стадии развития человека, его права и свободы, его образовательную и трудовую деятельность, семейные отношения, досуг, его отрицательные пристрастия и наклонности. Понимание их и умение разбираться в них - важнейшее условие жизненных успехов.
|
| 606 |
1 |
|
|a Социальная психология
|2 stltpush
|3 (RuTPU)RU\TPU\subj\55669
|9 73677
|
| 610 |
1 |
|
|a методология
|
| 610 |
1 |
|
|a феноменология
|
| 610 |
1 |
|
|a предмет
|
| 610 |
1 |
|
|a наука
|
| 610 |
1 |
|
|a жизнь
|
| 610 |
1 |
|
|a личность
|
| 610 |
1 |
|
|a социализация
|
| 610 |
1 |
|
|a психология личности
|
| 610 |
1 |
|
|a социально-психологическая оценка
|
| 610 |
1 |
|
|a малые группы
|
| 610 |
1 |
|
|a групповая психодинамика
|
| 610 |
1 |
|
|a социальное восприятие
|
| 610 |
1 |
|
|a взаимоотношения
|
| 610 |
1 |
|
|a конфликты
|
| 610 |
1 |
|
|a семья
|
| 610 |
1 |
|
|a стихийное поведение
|
| 610 |
1 |
|
|a психосоциальная патология
|
| 610 |
1 |
|
|a криминальное поведение
|
| 610 |
1 |
|
|a большие группы
|
| 610 |
1 |
|
|a классы
|
| 610 |
1 |
|
|a политические партии
|
| 610 |
1 |
|
|a государственные служащие
|
| 610 |
1 |
|
|a гендерные группы
|
| 610 |
1 |
|
|a социально-возрастной состав
|
| 610 |
1 |
|
|a национально-этнические группы
|
| 610 |
1 |
|
|a религиозные объединения
|
| 610 |
1 |
|
|a общество
|
| 610 |
1 |
|
|a правовое государство
|
| 610 |
1 |
|
|a духовная культура
|
| 610 |
1 |
|
|a социальные конфликты
|
| 610 |
1 |
|
|a профессиональная деятельность
|
| 610 |
1 |
|
|a вузы
|
| 610 |
1 |
|
|a управленческая деятельность
|
| 610 |
1 |
|
|a педагогическая деятельность
|
| 610 |
1 |
|
|a врачебная деятельность
|
| 610 |
1 |
|
|a предпринимательская деятельность
|
| 610 |
1 |
|
|a торговая деятельность
|
| 610 |
1 |
|
|a маркетинг
|
| 610 |
1 |
|
|a реклама
|
| 610 |
1 |
|
|a правоохранительная деятельность
|
| 610 |
1 |
|
|a воинская деятельность
|
| 610 |
1 |
|
|a наука
|
| 610 |
1 |
|
|a учебники
|
| 686 |
|
|
|a Ю95я73
|v LBC/SL-A
|2 rubbk
|
| 701 |
|
1 |
|a Аминов
|b И. И.
|g Илья Исакович
|4 070
|
| 701 |
|
1 |
|a Афанасьева
|b О. В.
|g Ольга Викторовна
|4 070
|
| 701 |
|
1 |
|a Дебольский
|b М. Г.
|g Михаил Григорьевич
|4 070
|
| 701 |
|
1 |
|a Демин
|b Г. И.
|g Геннадий Иванович
|
| 701 |
|
1 |
|a Железняк
|b Л. Ф.
|g Леонид Федотович
|
| 702 |
|
1 |
|a Столяренко
|b А. М.
|g Алексей Михайлович
|4 340
|
| 801 |
|
1 |
|a RU
|b 63413507
|c 20090526
|g PSBO
|
| 801 |
|
2 |
|a RU
|b 63413507
|c 20200219
|g RCR
|
| 942 |
|
|
|c BK
|
| 959 |
|
|
|a 60/20090526
|d 1
|e 300,00
|f ЧЗГЛ:1
|